| 000 | 00978nam a22002897a 4500 | ||
|---|---|---|---|
| 999 |
_c8103 _d8103 |
||
| 001 | 21597 | ||
| 003 | BD-DhUAP | ||
| 005 | 20220622130351.0 | ||
| 008 | 110322r20062016enkace b 001 0beng d | ||
| 020 | _a9789386141583 | ||
| 040 |
_aDLC _cBD-DhUAP _dBD-DhUAP _dBD-DhUAP _beng |
||
| 082 | 0 | 0 |
_a822.33 MUC _219 |
| 100 | 1 |
_aShakespeare, William, _d1564-1616. |
|
| 245 | 1 | 0 |
_aMuch ado about nothing / _cedited by McEACHERN , CLAIRE |
| 260 |
_aLondon ; _aNew York ; _aNew Delhi : _bBloomsbury, _c2016. |
||
| 300 |
_axx, 390 p. : _bill., plans, ports. ; _c20 cm. |
||
| 490 | 1 | _aThe New Cambridge Shakespeare | |
| 504 | _aIncludes Bibliography: (p. 162). | ||
| 650 | 0 |
_aCourtship _vDrama. |
|
| 650 | 0 |
_aConspiracies _vDrama. |
|
| 650 | 0 |
_aRejection (Psychology) _vDrama. |
|
| 651 | 0 |
_aMessina (Italy) _vDrama. |
|
| 655 | 7 |
_aComedies. _2gsafd |
|
| 700 | 1 | _aCLAIRE McEACHERN | |
| 800 | 1 |
_aShakespeare, William, _d1564-1616. _tWorks. _f1984. _sCambridge University Press. |
|
| 942 |
_2ddc _cBK |
||